000 01747 a2200241 4500
001 57360
005 20260407155835.0
008 260407a2011 arg spa d
003 AR-UNSa-BCEJYS
040 _aAR-UNSa-BCEJYS
_bspa
_cAR-UNSa-BCEJYS
080 _a330.101.8
_xClasificación y subdivisiones de la economía. Teórica, práctica. Pura, aplicada. General, especial. Relación de la economía con la teoría de la economía política. Interrelaciones de economía política, economía privada, economía de la empresa (economía comercial). Relación de la economía política general y especial. Economía sectorial
245 1 0 _aEl hombre, la economía y el estado
_ptratado sobre principios de economía
020 _a978-84-7209-554-0
264 1 _aMadrid :
_bUnion Editorial
_c2011
300 _a2 v. (527 ; 581 p.)
_c23 cm.
505 _aVol. I: 1. Los fundamentos de la acción humana - 2. El intercambio directo – 3. El modelo de intercambio indirecto – 4. Los precios y el consumo – 5. La producción: su estructura – 6. La producción: la tasa de interés y su determinación – 7. La producción: determinación general del precio de los factores – Vol II: 8. La producción: la función empresarial y el cambio – 9. La producción: los precios de los factores y los ingresos de la producción – 10. El monopolio y la competencia – 11. El dinero y su poder adquisitivo – 12. Las consecuencias económicas de la intervención violenta en el mercado
041 _aspa
942 _cBK
590 _aniveau_biblio:m niveau_hierar:0
100 1 _aRothbard, Murray N.
700 1 _aSedaca, Norberto R.
856 4 1 _uhttps://biblioeco.unsa.edu.ar/pmb/images/libros/L128750.jpg
_yImagen de portada
_qimage/jpeg
999 _c6194
_d6194